Bioassay of diarylanilide yellow for possible carcinogenicity.

Bibliographic Details
Corporate Author: National Cancer Institute (U.S.). Division of Cancer Cause and Prevention
Format: Government Document Book
Language:English
Published: Bethesda, Md. : Dept. of Health, Education, and Welfare, Public Health Service, National Institutes of Health, National Cancer Institute, Division of Cancer Cause and Prevention, 1978.
Series:DHEW publication ; no. (NIH) 78-830.
Subjects:

MARC

Tag First Indicator Second Indicator Subfields
LEADER 00000cam a2200000 i 4500
001 in00000797413
005 20151017081221.0
008 780401s1978 mdua b f00010 eng d
010 |a gp 78011202  
020 |c pbk. 
035 |a (OCoLC)03780651 
035 |9 ADR2468AM 
037 |b 20014 
040 |c GPO  |d UtOrBLW 
074 |a 507-G-12 
086 |a HE 20.3159/2:30 
110 2 |a National Cancer Institute (U.S.).  |b Division of Cancer Cause and Prevention. 
245 1 0 |a Bioassay of diarylanilide yellow for possible carcinogenicity. 
264 1 |a Bethesda, Md. :  |b Dept. of Health, Education, and Welfare, Public Health Service, National Institutes of Health, National Cancer Institute, Division of Cancer Cause and Prevention,  |c 1978. 
300 |a ix, 38 pages :  |b illustrations ;  |c 27 cm. 
336 |a text  |b txt  |2 rdacontent 
337 |a unmediated  |b n  |2 rdamedia 
338 |a volume  |b nc  |2 rdacarrier 
490 1 |a Carcinogenesis technical report series ; no. 30 
490 1 |a DHEW publication ; no. (NIH) 78-830 
500 |a "CAS number 6358-85-6." 
504 |a Bibliography: pages 45-47. 
650 0 |a Carcinogens. 
650 0 |a Benzidine dyes  |x Toxicology. 
810 1 |a United States.  |b National Cancer Institute.  |t Carcinogenesis technical report series ;  |v no. 30. 
830 0 |a DHEW publication ;  |v no. (NIH) 78-830. 
999 |a MARS 
999 f f |s 71c68479-4a46-3ad4-913e-d4d63a072ec3  |i e4b7e5b0-4b18-37a2-9e66-78e5df788332  |t 0 
952 f f |p normal  |a Texas A&M University  |b College Station  |c Sterling C. Evans Library  |d Evans: US Documents (Annex 5th floor)  |t 0  |e HE 20.3159/ 2:30  |h Superintendent of Documents classification  |i unmediated -- volume  |m A14814465201 
998 f f |a HE 20.3159/ 2:30  |t 0  |l Evans: US Documents (Annex 5th floor)